000 00566nam a22002297a 4500
003 UA-OsUOA
001 48467
007 ta
008 20070906b un ||||| |||| 00| 0 ukr d
100 _aГолубенко І.
090 _a821.161.2
_bГ62
942 _cBK
040 _aUA-OsUOA
_bukr
_cUA-OsUOA
_dUA-OsUOA
245 _aВідлуння лісу
300 _a192 с.
955 _a3
041 _aukr
080 _a821.161.2
260 _aК.
_c2000
650 7 _a82 Література. Літературознавство
_2UDC
999 _c334578
_d334578